Hóa học và sự ô nhiễm môi trường

Sách giới thiệu một số khái niệm cơ bản nhất về môi trường như sinh quyển và các thành phần của nó (khí quyển, thủy quyển, thạch quyển), hệ sinh thái và các yếu tố sinh thái, ảnh hưởng của con người lên hệ sinh thái ở khía cạnh tiêu...

Full beskrivning

Sparad:
Bibliografiska uppgifter
Huvudupphovsman: Vũ, Đăng Độ
Materialtyp: Bok
Språk:Undetermined
Publicerad: Hà Nội Giáo Dục 1997
Ämnen:
Taggar: Lägg till en tagg
Inga taggar, Lägg till första taggen!
Thư viện lưu trữ: Trung tâm Học liệu Trường Đại học Cần Thơ
LEADER 01226nam a2200217Ia 4500
001 CTU_28579
008 210402s9999 xx 000 0 und d
020 |b 9.000đ 
082 |a 363.738 
082 |b Đ450 
100 |a Vũ, Đăng Độ 
245 0 |a Hóa học và sự ô nhiễm môi trường 
245 0 |c Vũ Đăng Độ 
260 |a Hà Nội 
260 |b Giáo Dục 
260 |c 1997 
520 |a Sách giới thiệu một số khái niệm cơ bản nhất về môi trường như sinh quyển và các thành phần của nó (khí quyển, thủy quyển, thạch quyển), hệ sinh thái và các yếu tố sinh thái, ảnh hưởng của con người lên hệ sinh thái ở khía cạnh tiêu cực là ô nhiễm môi trường mà nội dung chủ yếu được sách trình bày là ô nhiễm môi trường vì các hóa chất và việc xử lý chúng dựa trên các quá trình hóa học 
650 |a Pollutants,Pollution 
650 |x Environmental aspects 
904 |i Minh, 990204 
980 |a Trung tâm Học liệu Trường Đại học Cần Thơ